الإعلام والقانون : (رقم التسجيلة. 247826)

تفاصيل مارك
000 -الفاتح
عناصر البيانات ثابتة الطول 01040nam a22002537i 4500
005 - تاريخ ووقت آخر معاملة
حقل ضبط 20260113084427.0
008 - عناصر البيانات ثابتة الطول
عناصر البيانات ثابتة الطول 250906s2017 jo ||||gr|||| 00| 0 ara d
020 ## - الترقيم الدولي المعياري للكتب (ردمك)
الترقيم الدولي المعياري للكتب (ردمك) 9789957642518
040 ## - مصدر الفهرسة
هيئة الفهرسة الأصلية JO-AmGAM
قواعد الوصف rda
082 14 - رقم تصنيف ديوي العشري
رقم التصنيف 342.085
رقم المادة د ل ي
100 1# - مدخل رئيسي – اسم شخصي
الاسم الشخصي الدليمي، عامر علي سمير
علاقة الشخص بالعمل/ دوره مؤلف.
245 12 - بيان العنوان
العنوان الإعلام والقانون :
بقية العنوان في الاتفاقيات الإقليمية والدولية ودورهما في التوعية الاجتماعية ومكافحة الجريمة /
بيان المسؤولية تأليف الدكتور عامر علي سمير الدليمي.
250 ## - بيان الطبعة
بيان الطبعة الطبعة الأولى.
264 31 - بيانات النشر، التوزيع…إلخ
مكان النشر، التوزيع...إلخ عمان :
اسم الناشر، الموزع...إلخ دار الثقافة للنشر والتوزيع،
تاريخ النشر، التوزيع...إلخ 2017.
300 ## - الوصف المادي
عدد الوحدات المكونة للوعاء 368 صفحة.
336 ## - نوع المحتوى
المصدر rdacontent
مصطلح نوع المحتوى نص
كود نوع المحتوى txt
337 ## - نوع الوسيط
المصدر rdamedia
مصطلح نوع الوسيط دون وسيط عرض
كود نوع الوسيط n
338 ## - نوع الحامل
المصدر rdacarrier
مصطلح نوع الحامل مجلد
كود نوع الحامل nc
650 17 - مدخل إضافي بالموضوع - مصطلح موضوعي
مصطلح موضوعي أو اسم جغرافي كعنصر مدخل الاتفاقيات.
650 17 - مدخل إضافي بالموضوع - مصطلح موضوعي
مصطلح موضوعي أو اسم جغرافي كعنصر مدخل الاعلام.
650 17 - مدخل إضافي بالموضوع - مصطلح موضوعي
مصطلح موضوعي أو اسم جغرافي كعنصر مدخل القانون الدولي.
942 ## - بيانات إضافية (كوها)
نوع التنصيف Dewey Decimal Classification
نوع المادة (كوها) كتب
المقتنيات
حالة السحب حالة الفقدان مصدر التصنيف حالة التلف غير قابل للإعارة المكتبة الرئيسية المكتبة الحالية موقع الرف تاريخ التزويد مصدر التزويد العملة التكلفة، سعر الشراء العادي الرقم المتسلسل Total Checkouts رقم الإستدعاء الباركود تاريخ آخر ظهور التكلفة وسعر الاستبدال تاريخ الفاتورة نوع المادة (كوها)
    Dewey Decimal Classification     المكتبة المركزية المكتبة المركزية الإعارة 08/01/2026 80 JOD 0.00 1799845   342.085 / د ل ي PLD00929505 08/01/2026 0.00 08/01/2026 كتب
Implemented & Customized by: BBB with SCIT (Smart Chains for Information Technology)

Powered by Koha